Native Language Cities - Statistics

General Stats
  • This quiz has been taken 28 times
  • The average score is 21 of 25
Answer Stats
Language City % Correct
17) Moskva Moscow
100%
8) Praha Prague
100%
6) Sofiya Sofia
100%
19) Beograd Belgrade
96%
24) Balazavile Brazzaville
96%
18) București Bucharest
96%
1) København Copenhagen
96%
22) Ciudad de Guatemala Guatemala City
96%
12) Yerushalayim Jerusalem
96%
5) Мінск Minsk
96%
3) Wien Vienna
96%
2) Αθήνα Athens
93%
4) Bakı Baku
93%
21) Táiběi Taipei
93%
14) Prishtinë Pristina
89%
20) Muqdisho Mogadishu
85%
11) Baile Átha Cliath Dublin
74%
25) Al-Manāmah Manama
74%
13) Астана Astana
70%
9) Kɔnakrí Conakry
70%
7) Lefkosia Nicosia
70%
23) Al-Qāhirah Cairo
67%
10) Naī Dillī New Delhi
67%
15) Бишкек Bishkek
59%
16) Errbaṭ Rabat
52%
No matching quizzes found
Score Distribution
Percent of People with Each Score
Percentile by Number Answered
Your Score History
You have not taken this quiz